| 000 | 00482nam a22001577a 4500 | ||
|---|---|---|---|
| 005 | 20251108171802.0 | ||
| 008 | 250721s1986 xx 000 0 ara d | ||
| 082 | 1 | 4 | _aط/629.1039/محم |
| 100 | 1 | _aعويطة، محمود أحمد | |
| 245 | 1 | 0 | _aقصة الطيران / |
| 264 | 1 |
_aعمان : _bالجمعية العلمية الملكية - قسم الثقافة العلمية، _c1986. |
|
| 300 | _a45ص | ||
| 650 | 1 | 7 | _aالطيران |
| 942 |
_2ddc _cBK |
||
| 999 |
_c62466 _d62466 |
||